00854nam a2200241 i 450000500170000000800410001702000150005804000350007304100080010808200190011610000320013524501280016725000220029526400260031730000420034333600270038533700330041233800280044549000250047365000370049865000360053565000410057120220316235638.0180320s2001 sp a gr 000 0 spa d a8478841938 aCO-BoRNBPbspacCO-BoRNBPerda0 aspa04a373.0115bB87t1 aBustillos, Gracielaeautora10aTécnicas participativas para la educación popular, 1cGraciela Bustillos, Laura Vargas ; ilustraciones, Miguel Marfán aPrimera edición 1aMadridbPopularc2001 a283 páginas bilustraciones c23 cm atextobtxt2rdacontent asin mediaciónbn2rdamedia avolumenbnc2rdacarrier0 aPromoción cultural17aDesarrollo de la comunidad2LEMB17aPlanificación educativa2LEMB17aSociología de la educación2LEMB